Piercing the darkness / (Record no. 5367)
[ view plain ]
| 000 -LEADER | |
|---|---|
| fixed length control field | 00863cam a2200313 a 4500 |
| 001 - CONTROL NUMBER | |
| control field | 14295 |
| 003 - CONTROL NUMBER IDENTIFIER | |
| control field | GBCCL |
| 005 - DATE AND TIME OF LATEST TRANSACTION | |
| control field | 20241126110539.0 |
| 008 - FIXED-LENGTH DATA ELEMENTS--GENERAL INFORMATION | |
| fixed length control field | 890224s1989 ilu 000 1 eng |
| 010 ## - | |
| -- | 89050338 |
| 020 ## - INTERNATIONAL STANDARD BOOK NUMBER | |
| International Standard Book Number | 0891075275 |
| 020 ## - INTERNATIONAL STANDARD BOOK NUMBER | |
| International Standard Book Number | 9780891075271 |
| 029 1# - | |
| -- | NZ1 |
| -- | 3678958 |
| 035 ## - SYSTEM CONTROL NUMBER | |
| System control number | (OCoLC)ocm20274935 |
| 035 ## - SYSTEM CONTROL NUMBER | |
| System control number | (OCoLC)20274935 |
| 040 ## - CATALOGING SOURCE | |
| Original cataloging agency | DLC |
| Transcribing agency | DLC |
| Modifying agency | OCL |
| -- | BTCTA |
| -- | LBB |
| 049 ## - | |
| -- | LBBK |
| 050 00 - | |
| -- | PS3566.E691317 |
| -- | P54 1989 |
| 082 00 - DEWEY DECIMAL CLASSIFICATION NUMBER | |
| Classification number | 813.54 |
| Edition information | 20 |
| Item number | PER |
| 090 ## - LOCALLY ASSIGNED LC-TYPE CALL NUMBER (OCLC); LOCAL CALL NUMBER (RLIN) | |
| Classification number (OCLC) (R) ; Classification number, CALL (RLIN) (NR) | PX10 |
| Local cutter number (OCLC) ; Book number/undivided call number, CALL (RLIN) | P4151p |
| 100 1# - MAIN ENTRY--PERSONAL NAME | |
| Personal name | Peretti, Frank E. |
| 9 (RLIN) | 4118 |
| 245 10 - TITLE STATEMENT | |
| Title | Piercing the darkness / |
| Statement of responsibility, etc. | Frank E. Peretti. |
| 260 ## - PUBLICATION, DISTRIBUTION, ETC. | |
| Place of publication, distribution, etc. | Westchester, Ill. : |
| Name of publisher, distributor, etc. | Crossway Books, |
| Date of publication, distribution, etc. | c1989. |
| 300 ## - PHYSICAL DESCRIPTION | |
| Extent | 441 p. ; |
| Dimensions | 22 cm. |
| 500 ## - GENERAL NOTE | |
| General note | Sequel to: This present darkness. |
| 650 #0 - SUBJECT ADDED ENTRY--TOPICAL TERM | |
| Topical term or geographic name entry element | Christian fiction. |
| 9 (RLIN) | 4121 |
| 650 #0 - SUBJECT ADDED ENTRY--TOPICAL TERM | |
| Topical term or geographic name entry element | Allegories. |
| 9 (RLIN) | 4122 |
| 942 ## - ADDED ENTRY ELEMENTS (KOHA) | |
| Source of classification or shelving scheme | Dewey Decimal Classification |
| Koha item type | Books |
| Koha issues (borrowed), all copies | 1 |
| Withdrawn status | Lost status | Source of classification or shelving scheme | Damaged status | Not for loan | Home library | Current Library | Shelving location | Date acquired | Total checkouts | Full call number | Barcode | Date last seen | Copy number | Price effective from | Koha item type | Date last checked out |
|---|---|---|---|---|---|---|---|---|---|---|---|---|---|---|---|---|
| Dewey Decimal Classification | GRACE BIBLE COLLEGE | GRACE BIBLE COLLEGE | General Studies | 2018-03-15 | 813.54 PER | 006139 | 2025-05-01 | c.3 | 2018-03-15 | Books | ||||||
| Dewey Decimal Classification | GRACE BIBLE COLLEGE | GRACE BIBLE COLLEGE | General Studies | 2018-03-15 | 2 | 813.54 PER | 006138 | 2026-01-27 | c.2 | 2018-03-15 | Books | 2026-01-23 |